[Event "2023 Welsh Open"]
[Site "Cardiff"]
[Date "2023.04.10"]
[Round "6.17"]
[White "Dasselaar, Hendrik"]
[Black "Chong, Kimberly"]
[Result "1-0"]
[WhiteElo "1297"]
[BlackElo "1682"]
[PlyCount "67"]
[EventDate "2023.04.07"]
[SourceVersionDate "2023.04.27"]

1. e4 d5 2. exd5 Nf6 3. d4 Nxd5 4. c4 Nb6 5. Nc3 g6 6. Nf3 Bg7 7. c5 Nd5 8. Bc4 c6 9. Qb3 e6 10. Bg5 Qc7 11. Ne4 O-O 12. Nd6 b6 13. O-O bxc5 14. dxc5 Ba6 15. Rac1 Bxc4 16. Qxc4 Nd7 17. b3 Ne5 18. Qe2 Nxf3+ 19. Qxf3 Be5 20. Nc4 Bxh2+ 21. Kh1 Bf4 22. Qg4 Bxc1 23. Rxc1 e5 24. Nd6 Rab8 25. Rc4 Qa5 26. Qe2 f6 27. Bh6 Rfd8 28. Qg4 Qe1+ 29. Kh2 Rxd6 30. cxd6 f5 31. Qh4 Qe2 32. Rxc6 Nb4 33. f3 Nd5 34. d7 1-0

[Event "2023 Welsh Open"]
[Site "Cardiff"]
[Date "2023.04.10"]
[Round "6.18"]
[White "Jansen Van Rensburg, Leon"]
[Black "Prabhu, Vismith"]
[Result "1-0"]
[WhiteElo "1512"]
[BlackElo "1349"]
[PlyCount "31"]
[EventDate "2023.04.07"]
[SourceVersionDate "2023.04.27"]

1. e4 e6 2. d4 d5 3. e5 c5 4. Nf3 Nc6 5. Bd3 Bd7 6. O-O cxd4 7. Re1 Bc5 8. Nbd2 Nge7 9. Nf1 Qc7 10. Ng3 Ng6 11. Nh5 O-O 12. Bh6 gxh6 13. Qd2 Kh8 14. Qxh6 Rg8 15. Ng5 Nf8 16. Nxf7# 1-0

[Event "2023 Welsh Open"]
[Site "Cardiff"]
[Date "2023.04.10"]
[Round "6.20"]
[White "Hurn, Robert"]
[Black "Blackmore, Simon"]
[Result "0-1"]
[WhiteElo "1587"]
[BlackElo "1599"]
[PlyCount "80"]
[EventDate "2023.04.07"]
[SourceVersionDate "2023.04.27"]

1. d4 d5 2. c4 e5 3. dxe5 d4 4. e4 Nc6 5. f4 Nge7 6. a3 a5 7. Bd3 Ng6 8. Nf3 Bg4 9. O-O Bc5 10. Qe1 O-O 11. g3 Bxf3 12. Rxf3 Ngxe5 13. fxe5 Nxe5 14. Nd2 Nxf3+ 15. Nxf3 Ra6 16. Bg5 f6 17. Bf4 Re6 18. Kg2 b6 19. Rb1 g5 20. Bd2 g4 21. Nh4 f5 22. e5 Qa8+ 23. Kg1 Bd6 24. Bf4 Bxe5 25. Bxf5 Re7 26. Bg5 Bf6 27. Be6+ Kh8 28. Bxf6+ Rxf6 29. Qe5 Rexe6 30. Qxd4 Qe4 31. Qd8+ Kg7 32. Rd1 Qe3+ 33. Kh1 Re7 34. Qc8 Ref7 35. Qxg4+ Kh8 36. Qc8+ Rf8 37. Qh3 Qe4+ 38. Kg1 Qe2 39. Rb1 Qe3+ 40. Kh1 Qe4+ 0-1

[Event "2023 Welsh Open"]
[Site "Cardiff"]
[Date "2023.04.10"]
[Round "6.22"]
[White "Jakubiak, Krzysztof"]
[Black "Beeston, Darson"]
[Result "0-1"]
[WhiteElo "1585"]
[BlackElo "1523"]
[PlyCount "86"]
[EventDate "2023.04.07"]
[SourceVersionDate "2023.04.28"]

1. d4 Nf6 2. c4 g6 3. Nc3 Bg7 4. e4 d6 5. Be2 O-O 6. Be3 e5 7. d5 Nbd7 8. b4 Ne8 9. Nf3 f5 10. Ng5 Nb8 11. h4 h6 12. Nf3 f4 13. Bd2 Nf6 14. Qb3 a5 15. bxa5 Na6 16. Qc2 Nc5 17. a4 Rxa5 18. Bd3 Bd7 19. Nb5 Ra6 20. Bb4 Nxd3+ 21. Qxd3 Bg4 22. Nd2 Nh5 23. Nf3 Qe7 24. Qc2 Rfa8 25. c5 Nf6 26. cxd6 cxd6 27. Qc7 Qxc7 28. Nxc7 Rxa4 29. Rxa4 Rxa4 30. Bxd6 Ra1+ 31. Ke2 Bxf3+ 32. Kxf3 Rxh1 33. Bxe5 Nh5 34. Bxg7 Nxg7 35. d6 Rd1 36. e5 Kf8 37. Kxf4 Kf7 38. Ke4 Ne6 39. Na8 b5 40. Nb6 b4 41. h5 g5 42. Na4 b3 43. Nc3 b2 0-1

[Event "2023 Welsh Open"]
[Site "Cardiff"]
[Date "2023.04.10"]
[Round "6.23"]
[White "Williams, Stephen"]
[Black "Hammett, Scott"]
[Result "1-0"]
[WhiteElo "1569"]
[BlackElo "1283"]
[PlyCount "83"]
[EventDate "2023.04.07"]
[SourceVersionDate "2023.04.28"]

1. d4 b6 2. c4 Bb7 3. f3 f5 4. Nc3 Nf6 5. Nh3 e6 6. a3 Nc6 7. Nf2 Be7 8. e4 fxe4 9. fxe4 O-O 10. Be2 Nxd4 11. Qxd4 Bc5 12. Qd3 Bxf2+ 13. Kxf2 Nxe4+ 14. Kg1 Qf6 15. Be3 Nxc3 16. bxc3 Qf5 17. Qxf5 Rxf5 18. Bd3 Rf7 19. h4 e5 20. h5 h6 21. c5 Rf6 22. Rb1 e4 23. Bc4+ Kh8 24. Bd4 Rf5 25. cxb6 axb6 26. Ra1 Rg5 27. Be3 Rg3 28. Kf2 Rg4 29. g3 Ba6 30. Bxa6 Rxa6 31. Rhd1 Ra5 32. Rxd7 Rxh5 33. Bf4 Rc5 34. Rxc7 Rxc7 35. Bxc7 Rg6 36. Ke3 Rc6 37. Be5 Kg8 38. Kxe4 g6 39. Rb1 g5 40. Kd5 Rc8 41. Rxb6 Ra8 42. Rb8+ 1-0

[Event "2023 Welsh Open"]
[Site "Cardiff"]
[Date "2023.04.10"]
[Round "6.24"]
[White "Probert, Malcolm"]
[Black "Kong, Emma Zihan"]
[Result "0-1"]
[WhiteElo "1564"]
[BlackElo "1223"]
[PlyCount "54"]
[EventDate "2023.04.07"]
[SourceVersionDate "2023.04.28"]

1. Nf3 Nf6 2. g3 d5 3. d4 c6 4. Bg2 Bf5 5. c4 e6 6. Qb3 Qb6 7. O-O Qxb3 8. axb3 b6 9. Nc3 Bb4 10. Bf4 Nbd7 11. Rfc1 O-O 12. Nh4 Bg6 13. Nxg6 fxg6 14. f3 a5 15. e4 dxe4 16. fxe4 Rac8 17. e5 Ne8 18. Ne4 h6 19. Bh3 Nc7 20. d5 cxd5 21. cxd5 Bc5+ 22. Nxc5 Nxc5 23. Rc3 Nxd5 24. Rac1 Nxf4 25. gxf4 Rce8 26. Rc4 Nd3 27. Rf1 Kh7 0-1

[Event "2023 Welsh Open"]
[Site "Cardiff"]
[Date "2023.04.10"]
[Round "6.25"]
[White "Ramzan, Timur"]
[Black "Binesmael, Mohamed"]
[Result "0-1"]
[WhiteElo "1200"]
[BlackElo "1553"]
[PlyCount "32"]
[EventDate "2023.04.07"]
[SourceVersionDate "2023.04.28"]

1. d4 Nf6 2. c4 e6 3. a3 c5 4. e3 d5 5. Nf3 b6 6. Nc3 Bb7 7. Be2 Nbd7 8. Ne5 Bd6 9. Nf3 O-O 10. O-O Rc8 11. Qa4 Bb8 12. Bd2 a6 13. Rac1 Qc7 14. Na2 dxc4 15. Qxc4 Bxf3 16. g3 b5 0-1

[Event "2023 Welsh Open"]
[Site "Cardiff"]
[Date "2023.04.10"]
[Round "6.27"]
[White "Head, Elliot"]
[Black "Bickford, Ben"]
[Result "0-1"]
[WhiteElo "1168"]
[BlackElo "1482"]
[PlyCount "66"]
[EventDate "2023.04.07"]
[SourceVersionDate "2023.04.28"]

1. Nc3 e5 2. e4 Nc6 3. Bc4 Nf6 4. d3 d6 5. f4 exf4 6. Bxf4 Ne5 7. Bb3 Bg4 8. Nge2 Be7 9. O-O O-O 10. Qd2 Ng6 11. Bg5 Bxe2 12. Qxe2 Nd7 13. Be3 Nc5 14. Bc4 Ne5 15. d4 Nxc4 16. Qxc4 Na6 17. Rf3 Bg5 18. Bxg5 Qxg5 19. Raf1 Qg6 20. Nd5 Rae8 21. e5 dxe5 22. dxe5 c6 23. Nc3 Qe6 24. Qxe6 Rxe6 25. Rd3 Nc5 26. Re3 Rfe8 27. Rfe1 Nd7 28. Rd1 Nxe5 29. Na4 g6 30. Nc5 R6e7 31. Rde1 Nf3+ 32. Kf2 Nxe1 33. Rxe1 Rxe1 0-1

[Event "Welsh Open 2023"]
[Site "?"]
[Date "2023.04.10"]
[Round "6.26"]
[White "Enoch, Kristan"]
[Black "Jones, Jeremy"]
[Result "1/2-1/2"]
[WhiteElo "1111"]
[BlackElo "1580"]
[PlyCount "46"]
[EventDate "2023.??.??"]
[SourceVersionDate "2023.04.12"]

1. Nf3 Nf6 2. d4 d5 3. c4 c6 4. Nc3 Bf5 5. Bf4 Nbd7 6. e3 dxc4 7. Bxc4 b5 8. Bb3 e6 9. a3 a6 10. O-O c5 11. Bc2 Bxc2 12. Qxc2 cxd4 13. exd4 Nb6 14. Ne2 Rc8 15. Qd2 Be7 16. Rac1 O-O 17. Rxc8 Qxc8 18. Rc1 Qa8 19. h3 Nbd5 20. Nc3 Rc8 21. Nxd5 Nxd5 22. Rxc8+ Qxc8 23. Qc1 Qxc1+ 1/2-1/2

[Event "Welsh Open 2023"]
[Site "?"]
[Date "2023.04.10"]
[Round "6.28"]
[White "Enoch, Stuart"]
[Black "Ilett, Tomos"]
[Result "1-0"]
[WhiteElo "1390"]
[BlackElo "950"]
[PlyCount "35"]
[EventDate "2023.??.??"]
[SourceVersionDate "2023.04.28"]

1. b3 e5 2. Bb2 Nc6 3. e3 Nf6 4. Bb5 a6 5. Bxc6 dxc6 6. Bxe5 Be7 7. Bb2 O-O 8. Nc3 b5 9. d4 Bb4 10. Nge2 Qd5 11. f3 Bxc3+ 12. Nxc3 Qg5 13. Qe2 Re8 14. e4 b4 15. Nd1 Bg4 16. Nf2 Be6 17. O-O Bh3 18. Nxh3 1-0

[Event "Welsh Open 2023"]
[Site "?"]
[Date "2023.04.10"]
[Round "6.30"]
[White "Sharhorodsky, Yaroslav"]
[Black "Reid, David Lawson"]
[Result "1-0"]
[WhiteElo "1476"]
[BlackElo "1387"]
[PlyCount "67"]
[EventDate "2023.??.??"]
[SourceVersionDate "2023.04.28"]

1. e4 e5 2. Nf3 Nc6 3. Bb5 a6 4. Bxc6 dxc6 5. O-O Bd6 6. d4 Bg4 7. dxe5 Bxf3 8. Qxf3 Bxe5 9. Nc3 Nf6 10. Bg5 O-O 11. Rad1 Qe7 12. Rfe1 h6 13. Bxf6 Qxf6 14. Qxf6 Bxf6 15. e5 Be7 16. Rd7 Rfe8 17. Rxc7 Bd6 18. Rxb7 Bxe5 19. g3 Bxc3 20. Rxe8+ Rxe8 21. bxc3 Re2 22. Rb2 Kf8 23. Kf1 Rd2 24. Ke1 Rd6 25. Rb6 a5 26. Ra6 Ke7 27. Rxa5 Rd5 28. Rxd5 cxd5 29. Kd2 Kd6 30. Kd3 Kc5 31. a4 f6 32. a5 Kb5 33. Kd4 Kxa5 34. Kxd5 1-0

[Event "Welsh Open 2023"]
[Site "?"]
[Date "2023.04.10"]
[Round "6.31"]
[White "Abdul-Obitayo, Nma-Elietta"]
[Black "Archibald, McKenzie"]
[Result "0-1"]
[WhiteElo "1100"]
[BlackElo "1208"]
[PlyCount "74"]
[EventDate "2023.??.??"]
[SourceVersionDate "2023.04.28"]

1. d4 e5 2. e4 exd4 3. Ne2 Bc5 4. Bd2 Qf6 5. c4 dxc3 6. Bxc3 Qxf2+ 7. Kd2 Qe3+ 8. Kc2 Qxe4+ 9. Qd3 Qxd3+ 10. Kxd3 Nf6 11. g3 O-O 12. Bg2 Nc6 13. Kc2 d6 14. Re1 Bf5+ 15. Kc1 Ne4 16. Rd1 Be3+ 17. Nd2 Nxc3 18. Nxc3 Nb4 19. Be4 Bxe4 20. Ncxe4 d5 21. a3 Nd3+ 22. Kc2 dxe4 23. Nxe4 Ne5 24. Re1 Bb6 25. b3 Rfe8 26. Rad1 Nf3 27. Rf1 Nd4+ 28. Kd3 Rad8 29. Rf4 Ne6+ 30. Ke2 Nxf4+ 31. gxf4 Rxe4+ 32. Kf3 Re3+ 33. Kf2 Rxd1 34. Kg2 Rd2+ 35. Kf1 Rxb3 36. Ke1 Rxh2 37. Kd1 Rb1# 0-1

[Event "2023 Welsh Open"]
[Site "Cardiff"]
[Date "2023.04.10"]
[Round "7.1"]
[White "Yoganand"]
[Black "Gibbs, Dominic V"]
[Result "0-1"]
[WhiteElo "2178"]
[BlackElo "1848"]
[Annotator "Paul,Hatchett"]
[PlyCount "74"]
[EventDate "2023.04.07"]
[EventRounds "7"]
[EventCountry "WLS"]

1. d4 {[%emt 0:00:04]} e6 {[%emt 0:00:10]} 2. e3 {[%emt 0:00:10]} b6 {[%emt 0:00:48]} 3. f4 {[%emt 0:00:11]} Bb7 {[%emt 0:00:17]} 4. Nf3 {[%emt 0:00:15]} g6 {[%emt 0:02:40]} 5. Bd3 {[%emt 0:00:26]} Bg7 {[%emt 0:00:16]} 6. O-O {[%emt 0:00:33]} f5 {[%emt 0:01:40]} 7. Nbd2 {[%emt 0:00:55]} Nf6 {[%emt 0:00:14]} 8. c3 {[%emt 0:00:28]} O-O {[%emt 0:00:36]} 9. Qe1 {[%emt 0:00:27]} c5 {[%emt 0:03:10]} 10. b3 {[%emt 0:05:15]} Ne4 {[%emt 0:02:48]} 11. Bxe4 {[%emt 0:00:49]} fxe4 {[%emt 0:01:07]} 12. Ng5 {[%emt 0:01:44]} cxd4 {[%emt 0:02:02]} 13. cxd4 {[%emt 0:00:51]} e5 {[%emt 0:03:23]} 14. Ba3 {[%emt 0:02:25]} Rf5 {[%emt 0:01:15]} 15. dxe5 {[%emt 0:02:00]} Bxe5 {[%emt 0:07:47]} 16. Rc1 {[%emt 0:02:11]} Bg7 {[%emt 0:09:40]} 17. Bd6 {[%emt 0:11:52]} Qe8 {[%emt 0:04:58]} 18. a4 {[%emt 0:15:41]} h6 {[%emt 0:01:19]} 19. Nh3 {[%emt 0:00:41]} Nc6 {[%emt 0:02:41]} 20. Ba3 {[%emt 0:03:00]} d5 {[%emt 0:05:37]} 21. g4 {[%emt 0:01:29]} Rf7 {[%emt 0:00:31]} 22. f5 {[%emt 0:00:44]} g5 {[%emt 0:02:21]} 23. Nf2 {[%emt 0:05:59]} Ba6 {[%emt 0:02:09]} 24. Nd1 {[%emt 0:01:57]} Bxf1 {[%emt 0:00:17]} 25. Nxf1 {[%emt 0:00:04]} Ne5 {[%emt 0:00:42]} 26. Qg3 {[%emt 0:00:45]} Rc8 {[%emt 0:07:18]} 27. Rxc8 {[%emt 0:01:50]} Qxc8 {[%emt 0:00:08]} 28. Bd6 {[%emt 0:00:11]} Nf3+ {[%emt 0:02:17]} 29. Kg2 {[%emt 0:00:24]} Rd7 {[%emt 0:05:17]} 30. Nf2 {[%emt 0:01:30]} Qc6 {[%emt 0:02:14]} 31. Bb8 {[%emt 0:01:11]} d4 {[%emt 0:03:48]} 32. exd4 {[%emt 0:00:12]} Bxd4 {[%emt 0:01:38]} 33. Kh3 {[%emt 0:00:54]} e3 {[%emt 0:03:01]} 34. Bxa7 {[%emt 0:02:44]} exf2 {[%emt 0:01:35]} 35. Qb8+ {[%emt 0:00:29]} Kf7 {[%emt 0:00:29]} 36. Bxb6 {[%emt 0:00:59]} Ng1+ {[%emt 0:00:25]} 37. Kg3 {[%emt 0:00:07]} Qf3# {[%emt 0:00:18]} 0-1

[Event "2023 Welsh Open"]
[Site "Cardiff"]
[Date "2023.04.10"]
[Round "7.2"]
[White "Cave, Iwan"]
[Black "Harris, Calum"]
[Result "1-0"]
[WhiteElo "1711"]
[BlackElo "1828"]
[Annotator "Paul,Hatchett"]
[PlyCount "71"]
[EventDate "2023.04.07"]
[EventRounds "7"]
[EventCountry "WLS"]

1. e4 {[%emt 0:00:13]} c5 {[%emt 0:00:17]} 2. Nf3 {[%emt 0:00:07]} d6 {[%emt 0:00:06]} 3. d4 {[%emt 0:00:04]} cxd4 {[%emt 0:00:04]} 4. Nxd4 {[%emt 0:00:05]} Nf6 {[%emt 0:00:04]} 5. Nc3 {[%emt 0:00:05]} g6 {[%emt 0:01:14]} 6. Be3 {[%emt 0:01:00]} Bg7 {[%emt 0:02:28]} 7. f3 {[%emt 0:00:10]} O-O {[%emt 0:00:08]} 8. Qd2 {[%emt 0:00:04]} Nc6 {[%emt 0:00:16]} 9. O-O-O {[%emt 0:00:08]} Bd7 {[%emt 0:00:13]} 10. Kb1 {[%emt 0:04:36]} a6 {[%emt 0:02:41]} 11. g4 {[%emt 0:06:00]} Rc8 {[%emt 0:00:36]} 12. h4 {[%emt 0:04:27]} h5 {[%emt 0:06:24]} 13. Nd5 {[%emt 0:12:45]} Nxd5 {[%emt 0:13:11]} 14. exd5 {[%emt 0:00:09]} Nxd4 {[%emt 0:00:53]} 15. Bxd4 {[%emt 0:00:07]} Bxd4 {[%emt 0:00:26]} 16. Qxd4 {[%emt 0:00:08]} Qc7 {[%emt 0:00:17]} 17. Bd3 {[%emt 0:00:48]} Qc5 {[%emt 0:01:14]} 18. Qe4 {[%emt 0:02:41]} e5 {[%emt 0:06:23]} 19. gxh5 {[%emt 0:06:01]} Bf5 {[%emt 0:15:03]} 20. Qe2 {[%emt 0:00:39]} Bxd3 {[%emt 0:00:39]} 21. Qxd3 {[%emt 0:00:33]} Qc4 {[%emt 0:00:40]} 22. Qd2 {[%emt 0:10:05]} Kg7 {[%emt 0:04:04]} 23. Rdg1 {[%emt 0:09:50]} Rc5 {[%emt 0:03:01]} 24. hxg6 {[%emt 0:01:34]} fxg6 {[%emt 0:00:29]} 25. h5 {[%emt 0:00:34]} Rxf3 {[%emt 0:02:21]} 26. Rxg6+ {[%emt 0:02:39]} Kf7 {[%emt 0:00:17]} 27. Qg2 {[%emt 0:01:29]} Rf4 {[%emt 0:09:05]} 28. Rg7+ {[%emt 0:02:27]} Kf8 {[%emt 0:00:39]} 29. Rg8+ {[%emt 0:01:37]} Ke7 {[%emt 0:00:13]} 30. Qg5+ {[%emt 0:02:14]} Rf6 {[%emt 0:00:21]} 31. Rc1 {[%emt 0:01:55]} Qf4 {[%emt 0:04:01]} 32. Rg7+ {[%emt 0:05:41]} Kf8 {[%emt 0:05:04]} 33. Qg1 {[%emt 0:00:54]} Rb5 {[%emt 0:04:21]} 34. Rc7 {[%emt 0:01:03]} Rf7 {[%emt 0:03:12]} 35. Rxf7+ {[%emt 0:00:12]} Kxf7 {[%emt 0:01:32]} 36. Rf1 {[%emt 0:00:15]} 1-0

[Event "2023 Welsh Open"]
[Site "Cardiff"]
[Date "2023.04.10"]
[Round "7.3"]
[White "Vlkova, Anezka"]
[Black "Matejovsky, Ondrej"]
[Result "1/2-1/2"]
[WhiteElo "1956"]
[BlackElo "1936"]
[Annotator "Paul,Hatchett"]
[PlyCount "50"]
[EventDate "2023.04.07"]
[EventRounds "7"]
[EventCountry "WLS"]

1. e4 {[%emt 0:00:05]} e5 {[%emt 0:00:08]} 2. Nf3 {[%emt 0:00:06]} Nf6 {[%emt 0:00:30]} 3. Nxe5 {[%emt 0:00:08]} d6 {[%emt 0:00:20]} 4. Nxf7 {[%emt 0:00:05]} Kxf7 {[%emt 0:00:05]} 5. Nc3 {[%emt 0:00:05]} c5 {[%emt 0:00:51]} 6. Be2 {[%emt 0:02:43]} Nc6 {[%emt 0:02:36]} 7. O-O {[%emt 0:00:31]} Be7 {[%emt 0:03:03]} 8. f4 {[%emt 0:01:46]} Rf8 {[%emt 0:23:54]} 9. g4 {[%emt 0:09:43]} d5 {[%emt 0:10:52]} 10. exd5 {[%emt 0:29:34]} Nd4 {[%emt 0:04:01]} 11. f5 {[%emt 0:05:02]} Ne8 {[%emt 0:06:57]} 12. a4 {[%emt 0:12:33]} Nd6 {[%emt 0:07:36]} 13. d3 {[%emt 0:00:36]} Kg8 {[%emt 0:06:05]} 14. Ne4 {[%emt 0:00:42]} b6 {[%emt 0:16:08]} 15. c3 {[%emt 0:03:21]} Nxe2+ {[%emt 0:00:12]} 16. Qxe2 {[%emt 0:00:05]} Bb7 {[%emt 0:01:26]} 17. c4 {[%emt 0:00:58]} Bf6 {[%emt 0:02:38]} 18. Kh1 {[%emt 0:01:26]} Bd4 {[%emt 0:01:12]} 19. Ng5 {[%emt 0:00:47]} Bc8 {[%emt 0:01:06]} 20. Bf4 {[%emt 0:08:16]} Re8 {[%emt 0:01:20]} 21. Qd2 {[%emt 0:01:20]} Nf7 {[%emt 0:01:33]} 22. Nf3 {[%emt 0:01:32]} Qf6 {[%emt 0:01:13]} 23. Rae1 {[%emt 0:01:27]} Bd7 {[%emt 0:00:23]} 24. Rxe8+ {[%emt 0:03:14]} Rxe8 {[%emt 0:00:02]} 25. b3 {[%emt 0:04:09]} h6 1/2-1/2

[Event "2023 Welsh Open"]
[Site "Cardiff"]
[Date "2023.04.10"]
[Round "7.4"]
[White "Wu, Yuxuan"]
[Black "Havard, Gwyn"]
[Result "1/2-1/2"]
[WhiteElo "1577"]
[BlackElo "1889"]
[Annotator "Paul,Hatchett"]
[PlyCount "49"]
[EventDate "2023.04.07"]
[EventRounds "7"]
[EventCountry "WLS"]

1. d4 {[%emt 0:00:02]} Nf6 {[%emt 0:00:07]} 2. c4 {[%emt 0:00:04]} e6 {[%emt 0:00:05]} 3. Nc3 {[%emt 0:00:03]} Bb4 {[%emt 0:00:09]} 4. Qc2 {[%emt 0:00:07]} d5 {[%emt 0:00:13]} 5. cxd5 {[%emt 0:00:13]} Nxd5 {[%emt 0:00:17]} 6. e4 {[%emt 0:00:24]} Nb6 {[%emt 0:00:34]} 7. Nf3 {[%emt 0:00:37]} Nc6 {[%emt 0:00:57]} 8. Be3 {[%emt 0:00:39]} Qe7 {[%emt 0:01:10]} 9. Bd3 {[%emt 0:01:25]} Bd7 {[%emt 0:00:37]} 10. O-O {[%emt 0:01:23]} Bxc3 {[%emt 0:00:44]} 11. bxc3 {[%emt 0:00:42]} Na5 {[%emt 0:01:13]} 12. Qe2 {[%emt 0:04:25]} O-O {[%emt 0:01:48]} 13. c4 {[%emt 0:04:09]} Ba4 {[%emt 0:02:51]} 14. e5 {[%emt 0:04:47]} h6 {[%emt 0:03:18]} 15. Bd2 {[%emt 0:02:02]} Nc6 {[%emt 0:01:07]} 16. Qe4 {[%emt 0:01:27]} f5 {[%emt 0:02:41]} 17. exf6 {[%emt 0:01:32]} Qxf6 {[%emt 0:02:37]} 18. d5 {[%emt 0:08:00]} exd5 {[%emt 0:01:33]} 19. cxd5 {[%emt 0:00:33]} Ne7 {[%emt 0:00:40]} 20. Ne5 {[%emt 0:11:40]} Qf5 {[%emt 0:02:09]} 21. Qd4 {[%emt 0:01:48]} Qf6 {[%emt 0:00:50]} 22. Bb4 {[%emt 0:04:08]} Nbxd5 {[%emt 0:04:03]} 23. Bxe7 {[%emt 0:02:02]} Nxe7 {[%emt 0:00:25]} 24. Qxa4 {[%emt 0:05:13]} Qxe5 {[%emt 0:00:02]} 25. Qb3+ {[%emt 0:02:13]} 1/2-1/2

[Event "2023 Welsh Open"]
[Site "Cardiff"]
[Date "2023.04.10"]
[Round "7.5"]
[White "Macdonald, Duncan"]
[Black "Mba, Reginald"]
[Result "1/2-1/2"]
[WhiteElo "1566"]
[BlackElo "1811"]
[Annotator "Paul,Hatchett"]
[PlyCount "111"]
[EventDate "2023.04.07"]
[EventRounds "7"]
[EventCountry "WLS"]

1. c4 {[%emt 0:00:12]} e6 {[%emt 0:00:07]} 2. Nc3 {[%emt 0:00:46]} d5 {[%emt 0:00:14]} 3. cxd5 {[%emt 0:00:11]} exd5 {[%emt 0:00:12]} 4. d4 {[%emt 0:00:03]} Nf6 {[%emt 0:00:15]} 5. Nf3 {[%emt 0:00:06]} c6 {[%emt 0:00:31]} 6. g3 {[%emt 0:00:08]} Be7 {[%emt 0:01:32]} 7. Bg2 {[%emt 0:00:09]} O-O {[%emt 0:00:21]} 8. O-O {[%emt 0:00:04]} Bf5 {[%emt 0:01:25]} 9. Nh4 {[%emt 0:00:46]} Be6 {[%emt 0:00:47]} 10. Re1 {[%emt 0:00:21]} Re8 {[%emt 0:02:59]} 11. Qc2 {[%emt 0:02:12]} Qd7 {[%emt 0:03:45]} 12. Nf3 {[%emt 0:02:53]} Bf5 {[%emt 0:00:36]} 13. Qb3 {[%emt 0:00:13]} Bd6 {[%emt 0:02:26]} 14. Bg5 {[%emt 0:03:23]} Ne4 {[%emt 0:01:10]} 15. Nxe4 {[%emt 0:00:13]} Bxe4 {[%emt 0:00:44]} 16. Rac1 {[%emt 0:01:53]} a5 {[%emt 0:02:26]} 17. a3 {[%emt 0:07:20]} a4 {[%emt 0:01:04]} 18. Qe3 {[%emt 0:01:48]} h6 {[%emt 0:01:22]} 19. Bf4 {[%emt 0:00:12]} Na6 {[%emt 0:02:13]} 20. Bxd6 {[%emt 0:01:09]} Qxd6 {[%emt 0:00:16]} 21. Qc3 {[%emt 0:01:18]} Nc7 {[%emt 0:01:27]} 22. Ne5 {[%emt 0:02:10]} Bxg2 {[%emt 0:00:23]} 23. Kxg2 {[%emt 0:00:07]} Ra6 {[%emt 0:02:31]} 24. Qf3 {[%emt 0:02:16]} f6 {[%emt 0:02:04]} 25. Nd3 {[%emt 0:00:15]} Rb6 {[%emt 0:00:32]} 26. Nb4 {[%emt 0:01:49]} Na6 {[%emt 0:02:33]} 27. Nxa6 {[%emt 0:00:23]} Rxa6 {[%emt 0:00:05]} 28. Rc2 {[%emt 0:00:08]} Rb6 {[%emt 0:00:20]} 29. e3 {[%emt 0:00:32]} Rb3 {[%emt 0:01:14]} 30. Ree2 {[%emt 0:01:03]} Qe6 {[%emt 0:00:42]} 31. h3 {[%emt 0:02:21]} Qe4 {[%emt 0:00:23]} 32. Qxe4 {[%emt 0:00:07]} Rxe4 {[%emt 0:00:17]} 33. Rc5 {[%emt 0:00:07]} f5 {[%emt 0:02:44]} 34. Ra5 {[%emt 0:00:18]} b5 {[%emt 0:00:23]} 35. Ra6 {[%emt 0:00:16]} Re6 {[%emt 0:00:33]} 36. Rc2 {[%emt 0:00:17]} Kf7 {[%emt 0:00:40]} 37. Kf1 {[%emt 0:00:41]} g5 {[%emt 0:03:51]} 38. Rcxc6 {[%emt 0:03:16]} Rxc6 {[%emt 0:00:17]} 39. Rxc6 {[%emt 0:00:03]} Rxb2 {[%emt 0:00:25]} 40. Rd6 {[%emt 0:00:06]} b4 {[%emt 0:04:25]} 41. axb4 {[%emt 0:00:32]} a3 {[%emt 0:00:05]} 42. Ra6 {[%emt 0:00:11]} a2 {[%emt 0:00:22]} 43. Kg2 {[%emt 0:00:09]} Ke7 {[%emt 0:00:31]} 44. b5 {[%emt 0:00:17]} Kd7 {[%emt 0:00:15]} 45. g4 {[%emt 0:00:38]} fxg4 {[%emt 0:02:39]} 46. hxg4 {[%emt 0:00:07]} Kc7 {[%emt 0:03:32]} 47. Kg3 {[%emt 0:00:59]} Kd7 {[%emt 0:08:35]} 48. f4 {[%emt 0:00:33]} Kc7 {[%emt 0:03:32]} 49. f5 {[%emt 0:00:13]} Kd7 {[%emt 0:00:35]} 50. f6 {[%emt 0:00:08]} Ke8 {[%emt 0:01:41]} 51. Ra7 {[%emt 0:03:59]} Kf8 {[%emt 0:01:34]} 52. b6 {[%emt 0:00:33]} Rxb6 {[%emt 0:00:16]} 53. Rxa2 {[%emt 0:00:06]} Rxf6 {[%emt 0:00:11]} 54. Ra7 {[%emt 0:03:04]} Ke8 {[%emt 0:00:54]} 55. Ra5 {[%emt 0:01:12]} Rd6 {[%emt 0:00:55]} 56. Ra7 {[%emt 0:00:20]} 1/2-1/2

[Event "2023 Welsh Open"]
[Site "Cardiff"]
[Date "2023.04.10"]
[Round "7.6"]
[White "Wilmot, Daniel"]
[Black "Szakmany, Bence"]
[Result "1-0"]
[WhiteElo "1644"]
[BlackElo "1561"]
[Annotator "Paul,Hatchett"]
[PlyCount "41"]
[EventDate "2023.04.07"]
[EventRounds "7"]
[EventCountry "WLS"]

1. e4 e5 {[%emt 0:00:06]} 2. Nf3 {[%emt 0:00:03]} Nc6 {[%emt 0:00:05]} 3. Bc4 {[%emt 0:00:03]} Bc5 {[%emt 0:00:05]} 4. c3 {[%emt 0:00:08]} Nf6 {[%emt 0:00:04]} 5. d3 {[%emt 0:00:15]} d6 {[%emt 0:00:10]} 6. Bg5 {[%emt 0:00:14]} h6 {[%emt 0:00:18]} 7. Be3 {[%emt 0:00:54]} O-O {[%emt 0:02:01]} 8. Bxc5 {[%emt 0:02:25]} dxc5 {[%emt 0:00:06]} 9. Qe2 {[%emt 0:01:04]} Qe7 {[%emt 0:03:59]} 10. Nbd2 {[%emt 0:00:56]} a6 {[%emt 0:01:31]} 11. a4 {[%emt 0:00:17]} Kh8 {[%emt 0:16:54]} 12. O-O {[%emt 0:01:47]} Nh5 {[%emt 0:01:25]} 13. g3 {[%emt 0:04:23]} Bg4 {[%emt 0:12:21]} 14. Qe3 {[%emt 0:04:44]} g5 {[%emt 0:12:05]} 15. h4 {[%emt 0:05:55]} f5 {[%emt 0:02:07]} 16. exf5 {[%emt 0:00:12]} Rxf5 {[%emt 0:00:17]} 17. Bd5 {[%emt 0:03:16]} Raf8 {[%emt 0:41:47]} 18. Be4 {[%emt 0:00:09]} R5f7 {[%emt 0:00:24]} 19. Bxc6 {[%emt 0:01:01]} bxc6 {[%emt 0:00:45]} 20. Nxe5 {[%emt 0:00:09]} Bh3 {[%emt 0:01:21]} 21. Ng6+ {[%emt 0:00:05]} 1-0